Nommer les équipes de la Lique 1 saison 2024 2025 - Statistiques

Statistiques générales
  • Ce quiz a été pris 68 fois
  • Le résultat moyen est 12 sur 18
Statistiques - réponses
Réponse % Correct
Lyon
91%
Marseille
91%
Lille
85%
Saint-Étienne
76%
Lens
75%
Monaco
75%
Nice
75%
Toulouse
75%
Brest
71%
Nantes
71%
Angers
62%
Montpellier
62%
Rennes
62%
Auxerre
58%
Reims
58%
Strasbourg
58%
Le Havre
42%
Paris SG
29%
Aucun quiz correspondant
Distribution des résultats
% des personnes avec chaque résultat
Percentile par nombre de réponses
Votre historique - résultats
Vous n’avez pas pris ce quiz